Vista normal
Vista MARC
Entrada Personal Name
Número de registros utilizados en: 1
001 - CONTROL NUMBER
- control field: 15532
003 - CONTROL NUMBER IDENTIFIER
- control field: DLC
005 - DATE AND TIME OF LATEST TRANSACTION
- control field: 20240403144730.0
008 - FIXED-LENGTH DATA ELEMENTS
- fixed length control field: 831011n| azannaabn |a aaa
010 ## - LIBRARY OF CONGRESS CONTROL NUMBER
- LC control number: n 83154983
035 ## - SYSTEM CONTROL NUMBER
- System control number: (OCoLC)oca00980746
040 ## - CATALOGING SOURCE
- Original cataloging agency: DLC
- Language of cataloging: spa
- Description conventions: rda
- Transcribing agency: Mx-PuUPA
- Modifying agency: OCoLC
- Modifying agency: CSt
- Modifying agency: Mx-PuUPA
100 1# - HEADING--PERSONAL NAME
- Personal name: Di Filippo, Armando,
370 ## - ASSOCIATED PLACE
- Associated country: Argentina
- Associated country: Chile
- Associated country: France
- Associated country: U.S.
374 ## - OCCUPATION
- Occupation: Autor
375 ## - GENDER
- Gender: hombre
377 ## - ASSOCIATED LANGUAGE
- Language code: spa
400 1# - SEE FROM TRACING--PERSONAL NAME
- Personal name: Filippo, Armando Di
670 ## - SOURCE DATA FOUND
- Source citation: His Los centros nacionales de desarrollo y las migraciones internas en América Latina, 1977:
- Information found: t.p. (Armando Di Filippo; Unidad Central, PISPAL)
670 ## - SOURCE DATA FOUND
- Source citation: LC data base, 10/3/83
- Information found: (hdg.: Di Filippo, Armando)
670 ## - SOURCE DATA FOUND
- Source citation: Poder, capitalismo y democracia, 2013:
- Information found: t.p. (Armando Di Filippo) front cover flap (graduated from the Universidad de Rosario, Argentina; Master's in economics from the Universidad de Chile; Institut des Hautes Etudes de L'Amérique Latine, Paris III (2001-2002); visiting professor at Stanford (2004-2005); currently professor at the Universidad Alberto Hurtado and the Universidad de Chile)